| 000 | 00000nam 2200000zi 4500 |
| 001 | 9.946141 |
| 003 | CaOODSP |
| 005 | 20250121091643 |
| 006 | m o d f |
| 007 | cr |n||||||||| |
| 008 | 241213t19701970onca oi f|0| 0 eng d |
| 040 | |aCaOODSP|beng|erda|cCaOODSP |
| 043 | |an-cn--- |
| 086 | 1 |aNR24-77/1970E-PDF |
| 086 | 1 |aNR24-28/1970-5E-PDF |
| 245 | 00|aBuilding standards for the handicapped 1970 : |bsupplement no. 5 to the National Building Code of Canada. |
| 250 | |a[Second edition 1970.] |
| 264 | 1|aOttawa : |bNational Research Council of Canada, Associate Committee on the National Building Code, |c1970. |
| 264 | 4|c©1970 |
| 300 | |a1 online resource (24 pages) : |billustrations |
| 336 | |atext|btxt|2rdacontent |
| 337 | |acomputer|bc|2rdamedia |
| 338 | |aonline resource|bcr|2rdacarrier |
| 500 | |aIssued also in French under title: Normes de construction pour les handicapés 1970 : supplément no. 5 du Code national du bâtiment du Canada. |
| 500 | |aDigitized edition from print [produced by National Research Council of Canada]. |
| 500 | |a"NRC No. 11430." |
| 500 | |aIncludes index. |
| 650 | 0|aBarrier-free design|xLaw and legislation|zCanada. |
| 650 | 0|aBuildings|xStandards|zCanada. |
| 650 | 0|aStandards, Engineering|zCanada. |
| 710 | 2 |aNational Research Council of Canada. |bAssociate Committee on the National Building Code, |eissuing body. |
| 775 | 08|tNormes de construction pour les handicapés 1970 : |w(CaOODSP)9.946143 |
| 794 | |tBuilding standards for the handicapped 1975 : |b1975 edition|w(CaOODSP)9.946145 |
| 795 | |tBuilding standards for the handicapped 1965 : |b1965 edition|w(CaOODSP)9.946139 |
| 856 | 40|qPDF|s951 KB|uhttps://publications.gc.ca/collections/collection_2024/cnrc-nrc/NR24-77-1970-eng.pdf |